00242nam a2200085Ia 4500008004100000082001700041100002500058245005100083300002200134230907s9999||||xx |||||||||||||| ||und|| a620.118bAGR aAgarwal, Bhagwan D., 0aAnalysis and performance of fiber composites / axvii, 558 pages :